| 000 | 00396nam a22001217a 4500 | ||
|---|---|---|---|
| 008 | 230704b xxu||||| |||| 00| 0 eng d | ||
| 082 |
_a363.6 _bINF |
||
| 110 | _bWorld bank Institute | ||
| 245 |
_aInfrastructure reform and regulation _bFor parliamentarians, Journalist and Consumer Associations |
||
| 260 |
_aSouth Africa _bWorld bank Institute _c2005 |
||
| 300 | _avarious panging | ||
| 942 |
_2ddc _cBK |
||
| 999 |
_c3920 _d3920 |
||